000 00586nam a22001937a 4500
999 _c2445
_d2445
003 AR-CdUCM
008 190304b ||||| |||| 00| 0 spa d
040 _aMUNICIPALIDAD PROVINCIAL DEL CUSCO
_cBIBLIOTECA MUNICIPAL DEL CUSCO
082 _25ed.
_a860 /
_bSA22
100 _aSanchez, Luis Alberto
_91008
245 _aLa Perricholi /
260 _aLima :
_bEdiciones Nuevo Mundo ;
_c1964.
300 _a165 páginas
_c17cm
440 _aColección Escritores Latinoamericanos
_98759
505 _aNovela
650 _aLiteratura española
_9193
942 _2ddc
_cLIBROS
945 _anom